| 000 | 00426nam a2200181Ia 4500 | ||
|---|---|---|---|
| 001 | 4915 | ||
| 005 | 20260306145829.0 | ||
| 008 | 260306t2012||||xx |||||||||||||| ||spa|| | ||
| 041 | _aESP | ||
| 082 |
_a331.2 _bG317 |
||
| 100 |
_aGaravito, Cecilia (ed.) _eAUT |
||
| 245 | 0 | _aEmpleo y protección social | |
| 260 | _c2012 | ||
| 300 |
_a406 páginas : _c24 cm. |
||
| 650 | _aGEN | ||
| 654 | _aCAN | ||
| 942 |
_cLIB _dJUS _fJUS _2ddc _n |
||
| 999 |
_c4915 _d4915 |
||